[Event "China zt 3.5 2014"]
[Site "Zhongshan CHN"]
[Date "2014.10.30"]
[Round "5.14"]
[White "Li, Di"]
[Black "Liu, Yan"]
[Result "1/2-1/2"]
[WhiteTitle "FM"]
[WhiteElo "2189"]
[BlackElo "2364"]
[WhiteFideId "8607508"]
[BlackFideId "8608962"]
[EventDate "2014.10.26"]

1. d4 Nf6 2. c4 e6 3. g3 Bb4+ 4. Bd2 Qe7 5. Bg2 O-O 6. Nf3 Bxd2+ 7. Nbxd2 d6 8.
O-O e5 9. e3 a5 10. Qc2 Nc6 11. a3 a4 12. Nb1 Bg4 13. d5 Nd8 14. Nc3 Bd7 15. Nh4
b6 16. Nf5 Bxf5 17. Qxf5 Nb7 18. Na2 Na5 19. Qc2 Nb3 20. Rae1 Nd7 21. Nb4 f5 22.
f4 e4 23. g4 g6 24. g5 Qg7 25. Rf2 Ndc5 26. Bf1 h6 27. h4 hxg5 28. hxg5 Kf7 29.
Rh2 Rh8 30. Ree2 Rxh2 31. Rxh2 Rh8 32. Rxh8 Qxh8 33. Qh2 Qxh2+ 34. Kxh2 Nd2 35.
Kg1 Ncb3 36. Na6 Nxf1 37. Kxf1 Nd2+ 38. Ke2 Nxc4 39. Nxc7 Nxb2 40. Nb5 Nc4 41.
Kf2 Ke7 42. Ke2 Kd7 43. Kf2 Kc8 44. Ke2 Kb7 45. Nd4 Nxa3 46. Nxf5 Nc4 47. Nd4 a3
48. f5 Ne5 49. fxg6 Nxg6 50. Kd2 a2 51. Nc2 b5 52. Kc3 Kb6 53. Kb3 Kc5 54. Kxa2
Kxd5 55. Kb3 Kc5 56. Nd4 Nh4 57. Ne6+ Kd5 58. Nf4+ Ke5 59. Kb4 d5 60. g6 Nf5 61.
Ng2 Kf6 62. Kxb5 Kxg6 63. Nf4+ Kg5 64. Nxd5 Kg4 65. Nf6+ Kf3 66. Nxe4 Kxe4 1/2-1/2

[Event "China zt 3.5 2014"]
[Site "Zhongshan CHN"]
[Date "2014.10.30"]
[Round "5.15"]
[White "Liu, Guanchu"]
[Black "Xu, Minghui"]
[Result "1/2-1/2"]
[WhiteTitle "IM"]
[WhiteElo "2409"]
[BlackElo "2140"]
[WhiteFideId "8603901"]
[BlackFideId "8606790"]
[EventDate "2014.10.26"]

1. e4 c5 2. Nf3 e6 3. d4 cxd4 4. Nxd4 Nc6 5. Nc3 Qc7 6. Be3 a6 7. Qf3 b5 8. Nxc6
Qxc6 9. Bd3 Ba3 10. Nd1 Bb4+ 11. c3 Be7 12. Qg3 Kf8 13. O-O Nf6 14. Bd4 h5 15.
e5 Ne4 16. Qf4 f5 17. Bxe4 Qxe4 18. Qxe4 fxe4 19. Ne3 Bb7 20. Rfe1 Bg5 21. Rad1
Kf7 22. Nf1 Bd5 23. Ng3 Bxa2 24. Nxe4 Be7 25. Ra1 Bd5 26. b4 Rhc8 27. Nd6+ 1/2-1/2

[Event "China zt 3.5 2014"]
[Site "Zhongshan CHN"]
[Date "2014.10.30"]
[Round "5.16"]
[White "Zhang, Ziji"]
[Black "Bai, Jinshi"]
[Result "0-1"]
[BlackTitle "IM"]
[WhiteElo "2190"]
[BlackElo "2406"]
[WhiteFideId "8609470"]
[BlackFideId "8602280"]
[EventDate "2014.10.26"]

1. d4 Nf6 2. c4 g6 3. Nc3 d5 4. Bf4 Bg7 5. e3 O-O 6. Nf3 Be6 7. Qb3 c5 8. Qxb7
Qb6 9. Qxb6 axb6 10. O-O-O Ne4 11. Nxe4 dxe4 12. Ng5 cxd4 13. Bxb8 Rfxb8 14.
Nxe6 fxe6 15. exd4 Rxa2 16. Kc2 Rf8 17. Kb3 Ra5 18. Be2 Rxf2 19. Bg4 e5 20. d5
e3 21. Rhe1 e4 22. Rb1 Bd4 23. Re2 Kg7 24. Rbe1 Kf6 25. Bh3 Ke5 26. g3 Ra1 27.
Rxf2 Rxe1 28. Rc2 h5 29. Bd7 Kf6 30. Bc8 g5 31. Bd7 g4 32. Bb5 Kg5 33. Bc6 h4
34. gxh4+ Kxh4 35. d6 exd6 36. Bxe4 Kh3 37. Kb4 Rb1 38. b3 Rb2 39. Rc1 e2 40.
Bd3 Rd2 0-1

[Event "China zt 3.5 2014"]
[Site "Zhongshan CHN"]
[Date "2014.10.30"]
[Round "5.18"]
[White "Fang, Yuxiang"]
[Black "Xu, Zhihang"]
[Result "1-0"]
[WhiteElo "2325"]
[BlackElo "2119"]
[WhiteFideId "8605840"]
[BlackFideId "8611572"]
[EventDate "2014.10.26"]

1. c4 d6 2. Nf3 Bg4 3. Qb3 Bxf3 4. Qxf3 c6 5. b3 Nd7 6. Bb2 e5 7. g3 g6 8. Bg2
Bg7 9. O-O Ngf6 10. b4 O-O 11. Qd3 Qe7 12. Nc3 Rfd8 13. b5 Nc5 14. Qc2 Rac8 15.
bxc6 bxc6 16. Ba3 Ne6 17. Rab1 Qc7 18. Rfc1 Nd7 19. Ne4 Bf8 20. e3 f5 21. Nc3 e4
22. d3 d5 23. Bxf8 Ndxf8 24. d4 Nd7 25. Bf1 Nf6 26. Qa4 Qg7 27. cxd5 cxd5 28.
Qa6 Qd7 29. Rb7 Qd6 30. Qxa7 Ra8 31. Qb6 Qxb6 32. Rxb6 Kf7 33. Rb7+ Kf8 34. Rcb1
Ra3 35. R1b6 Re8 36. Nb5 Rxa2 37. Nc7 1-0

[Event "China zt 3.5 2014"]
[Site "Zhongshan CHN"]
[Date "2014.10.30"]
[Round "5.19"]
[White "Shen, Chenyi"]
[Black "Xu, Xiangyu"]
[Result "0-1"]
[WhiteElo "2066"]
[BlackElo "2152"]
[WhiteFideId "8609071"]
[BlackFideId "8608288"]
[EventDate "2014.10.26"]

1. e4 e5 2. Nf3 Nc6 3. Bc4 Nf6 4. d3 Be7 5. O-O d6 6. c3 Bg4 7. Nbd2 Qd7 8. Re1
O-O 9. b4 Rfe8 10. h3 Bh5 11. Nf1 Rad8 12. Ng3 Bg6 13. Qb3 a6 14. a4 d5 15. exd5
Nxd5 16. Nxe5 Nxe5 17. Rxe5 c6 18. d4 Bd6 19. Rxe8+ Rxe8 20. Bd2 Bxg3 21. fxg3
b5 22. axb5 axb5 23. Bf1 Qd6 24. Re1 Rxe1 25. Bxe1 h5 26. Qb2 Ne3 27. Be2 Qe6
28. Bf2 Nc4 29. Qa2 Qd5 30. Bf3 Be4 31. Qe2 Nd6 32. Be3 Bxf3 33. gxf3 Qe6 34.
Qe1 Nc4 35. Bf2 Qxh3 36. Qe8+ Kh7 37. Be1 Qe6 38. Qxe6 fxe6 39. Kf2 Kg6 40. g4
Kg5 41. gxh5 Kxh5 42. Ke2 Kg5 43. Bg3 Kf5 44. Bc7 g6 45. Kd3 Kf6 46. Bd8+ Kg7
47. Bc7 Kf7 48. Ke2 Kf6 49. Kd3 Kf5 50. Ke2 Kg5 51. Kd3 Kh4 52. Ke4 Kh3 53. Bf4
Kg2 54. Bg5 Kf2 55. f4 Ke2 56. Be7 Kd2 57. Bf6 Kc2 58. Bg7 Nb6 59. Ke5 Kxc3 60.
Kd6 Nd5 61. Kxc6 Kxb4 62. Kd6 Kc4 63. Kxe6 b4 64. Bf8 b3 65. Ba3 Kxd4 66. f5 g5
67. Be7 Nxe7 68. f6 Ng6 0-1

[Event "China zt 3.5 2014"]
[Site "Zhongshan CHN"]
[Date "2014.10.30"]
[Round "5.20"]
[White "Peng, Hongchi"]
[Black "Zhao, Zhouqiao CHN"]
[Result "1/2-1/2"]
[BlackTitle "FM"]
[WhiteElo "2144"]
[BlackElo "2228"]
[WhiteFideId "8609047"]
[BlackFideId "8608342"]
[EventDate "2014.10.26"]

1. e4 e5 2. Nf3 Nc6 3. Bb5 Nf6 4. O-O Nxe4 5. d4 Nd6 6. Bxc6 dxc6 7. dxe5 Nf5 8.
Qxd8+ Kxd8 9. h3 Ke8 10. c4 Be6 11. b3 Rd8 12. Nc3 Be7 13. Bg5 Rd3 14. Bxe7 Kxe7
15. Ne2 Rxf3 16. gxf3 Nh4 17. Kh2 Nxf3+ 18. Kg3 Nd2 19. Rfd1 Ne4+ 20. Kg2 h5 21.
Rd4 Nc5 22. h4 Nd7 23. f4 Bg4 24. Ng3 g6 25. Rf1 Ke6 26. Rf2 a5 27. Nf1 Bf5 28.
Kf3 Ra8 29. Ne3 Ke7 30. Nxf5+ gxf5 31. Rg2 Nc5 32. Rd1 Ne6 33. Ke3 c5 34. a4 Rh8
35. Rd3 Ra8 1/2-1/2

[Event "China zt 3.5 2014"]
[Site "Zhongshan CHN"]
[Date "2014.10.30"]
[Round "5.21"]
[White "Chen, Qi b"]
[Black "Yu, Xiangbo"]
[Result "0-1"]
[WhiteElo "1925"]
[BlackElo "2149"]
[WhiteFideId "8614733"]
[BlackFideId "8603782"]
[EventDate "2014.10.26"]

1. e4 e5 2. Nf3 Nc6 3. Bb5 a6 4. Bxc6 dxc6 5. O-O Qd6 6. d4 exd4 7. Nxd4 c5 8.
Nb3 Be6 9. Qe2 O-O-O 10. Nc3 Qc6 11. Bg5 Re8 12. Be3 Nf6 13. f3 Nd7 14. Rab1 g6
15. Na5 Qb6 16. Nb3 Qc6 17. Na5 Qb6 18. Nb3 Bg7 19. Qf2 Qc6 20. Na5 Qd6 21. Rfd1
Qe7 22. Re1 b6 23. Nb3 Ne5 24. Qe2 Bc4 25. Qf2 Rd8 26. Rbd1 Rxd1 27. Rxd1 Rd8
28. Nd2 Be6 29. a3 Nc6 30. Ndb1 Nd4 31. Re1 Kb7 32. f4 h5 33. a4 Bd7 34. a5 Bc6
35. axb6 cxb6 36. e5 Nf5 37. Nd2 f6 38. Nc4 fxe5 39. fxe5 Qe6 40. b3 Bb5 41.
Nxb5 axb5 42. Qf3+ Qc6 43. Nd6+ Nxd6 44. exd6 Qxf3 45. gxf3 Re8 46. Kf2 Kc6 47.
Rd1 Be5 48. d7 Rd8 49. Rg1 Kxd7 50. Rxg6 Bxh2 51. Rxb6 Rg8 52. Rh6 Bg1+ 53. Ke2
Re8 54. Rxh5 Bxe3 55. Kd3 Kc6 56. Rh4 Bd4 57. Rh6+ Kd7 58. Rh7+ Kd6 59. Rh6+ Re6
60. Rxe6+ Kxe6 61. b4 Kd5 62. bxc5 Bxc5 63. f4 Bd6 64. Kc3 Bxf4 65. Kb4 Kc6 0-1

[Event "China zt 3.5 2014"]
[Site "Zhongshan CHN"]
[Date "2014.10.30"]
[Round "5.22"]
[White "Wang, Jiaqi"]
[Black "Yu, Kaifeng"]
[Result "1-0"]
[BlackTitle "FM"]
[WhiteElo "1844"]
[BlackElo "2123"]
[WhiteFideId "8609128"]
[BlackFideId "8609667"]
[EventDate "2014.10.26"]

1. e4 c5 2. Nf3 d6 3. d4 cxd4 4. Nxd4 Nf6 5. Nc3 a6 6. Be2 e5 7. Nb3 Be7 8. O-O
Be6 9. f4 O-O 10. Kh1 b5 11. Bf3 Nbd7 12. Qe1 Rc8 13. Rf2 Nb6 14. a4 b4 15. Na2
d5 16. fxe5 Nxe4 17. Re2 Rc4 18. Na5 Rc8 19. Nxb4 Qd7 20. Be3 Nxa4 21. c4 Ng5
22. Bxd5 Nc5 23. Bc6 Qd8 24. Nd5 Nb3 25. Bb6 Qxb6 26. Nxb6 Nxa5 27. Nxc8 Rxc8
28. Qxa5 Rxc6 29. h4 Bg4 30. Rd2 Ne6 31. Qd5 Rb6 32. Qa8+ Bf8 33. Rxa6 Nc7 34.
Qa7 Rxa6 35. Qxc7 g6 36. c5 Ra1+ 37. Kh2 Be6 38. Rd8 Kg7 39. Re8 Bc4 40. e6 Rf1
41. Rxf8 Kxf8 42. e7+ Kg7 43. e8=Q Kh6 44. Qe3+ Kg7 45. Qee5+ Kh6 46. Qg5+ Kg7
47. h5 Re1 48. h6+ Kf8 49. Qgd8+ Re8 50. Qcd6+ Kg8 51. Qxe8# 1-0

[Event "China zt 3.5 2014"]
[Site "Zhongshan CHN"]
[Date "2014.10.30"]
[Round "5.23"]
[White "Yang, Jie"]
[Black "Zhou, Xiangheng"]
[Result "1-0"]
[WhiteElo "2325"]
[BlackElo "1682"]
[WhiteFideId "8602336"]
[BlackFideId "8607907"]
[EventDate "2014.10.26"]

1. e4 c5 2. Nf3 d6 3. d4 cxd4 4. Nxd4 Nf6 5. Nc3 a6 6. h3 e5 7. Nb3 Be7 8. g4 h6
9. Be3 Be6 10. Bg2 Nc6 11. Qd2 O-O 12. O-O-O a5 13. Qe2 Qc8 14. Na4 Ra6 15. Kb1
Nb4 16. a3 Bc4 17. Qd2 Nd7 18. axb4 axb4 19. Qxb4 b5 20. Nc3 Nc5 21. Nd5 Bxd5
22. Rxd5 Qa8 23. Bxc5 dxc5 24. Qxb5 Rb8 25. Qd3 Ra4 26. Rd7 c4 27. Qd5 cxb3 28.
Qxa8 Rbxa8 29. cxb3 Ra1+ 30. Kc2 Rc8+ 31. Kd3 Rxh1 32. Bxh1 Bc5 33. f4 Bd4 34.
fxe5 Bxe5 35. Bf3 Bxb2 36. b4 Rc3+ 37. Ke2 Rb3 38. Rb7 Bd4 39. e5 Re3+ 40. Kf2
Rxe5+ 41. Kg2 f5 42. b5 fxg4 43. hxg4 Kh7 44. Rd7 Bc5 45. Bd1 Re7 46. Rd5 Rc7
47. Bc2+ g6 48. Bd3 Kg7 49. Be4 Kf7 50. Rd8 Re7 51. Kf3 Ke6 52. Bxg6 Rb7 53. Bd3
Rb6 54. Ke4 Be7 55. Bc4+ Kf6 56. Rd5 Rd6 57. Rf5+ Kg6 58. Bf7+ Kg7 59. Bd5 Rf6
60. Bc6 Rxf5 61. Kxf5 Bd6 62. Ke6 Bc5 63. Be8 Kf8 64. Kd7 Bd4 65. Bh5 Be3 66.
Kc7 Ke7 67. b6 Bf4+ 68. Kc8 1-0

[Event "China zt 3.5 2014"]
[Site "Zhongshan CHN"]
[Date "2014.10.30"]
[Round "5.24"]
[White "Teng, Jiarong"]
[Black "Lan, Zilun"]
[Result "0-1"]
[WhiteElo "2092"]
[BlackElo "2147"]
[WhiteFideId "8609977"]
[BlackFideId "8604193"]
[EventDate "2014.10.26"]

1. e4 c6 2. d4 d5 3. Nc3 dxe4 4. Nxe4 h6 5. Bc4 Bf5 6. Ng3 Bg6 7. N1e2 e6 8. O-O
Nf6 9. Nf4 Bh7 10. Re1 Be7 11. Qe2 Nd5 12. Nxd5 cxd5 13. Bb5+ Nc6 14. Qg4 Bg6
15. c3 a6 16. Bf1 h5 17. Qf3 Bg5 18. Bd3 Bxd3 19. Qxd3 Bxc1 20. Raxc1 Qf6 21.
Re3 h4 22. Nf1 Ne7 23. Rf3 Qg5 24. Qe3 Rh5 25. h3 Qg6 26. Qd3 b5 27. Qxg6 Nxg6
28. Nd2 Nf8 29. Nb3 Nd7 30. Na5 Rc8 31. Nb7 Ke7 32. Kf1 Rhh8 33. Ke2 Rc4 34. b3
Rc7 35. Na5 Rhc8 36. a3 g5 37. Re3 Nf6 38. f3 Nh5 39. Kf2 Ng3 40. b4 Nf5 41. Rd3
Nd6 42. Nb3 Nc4 43. Nc5 Ra7 44. Rdd1 a5 45. f4 gxf4 46. Nd3 Nxa3 47. bxa5 Rxa5
48. Nxf4 Nc4 49. Re1 Kd6 50. Re2 Nb6 51. Rb2 Nd7 52. Kf3 Nf6 53. Rb3 Ne4 54. Rc2
Rg8 55. Ne2 Kc6 56. Rcb2 Nd6 57. Kf2 Nc4 58. Rc2 Ra1 59. Nf4 Nd6 60. Re2 Ne4+
61. Ke3 Rg3# 0-1

[Event "China zt 3.5 2014"]
[Site "Zhongshan CHN"]
[Date "2014.10.30"]
[Round "5.25"]
[White "Yan, Xuesong"]
[Black "Huang, Zhi"]
[Result "0-1"]
[WhiteElo "1900"]
[BlackElo "2107"]
[WhiteFideId "8609764"]
[BlackFideId "8608920"]
[EventDate "2014.10.26"]

1. Nf3 Nf6 2. g3 g6 3. Bg2 Bg7 4. O-O O-O 5. d4 d6 6. c4 Nbd7 7. Nc3 c6 8. e4 e5
9. d5 c5 10. a3 a6 11. b4 b5 12. Nd2 Qc7 13. Qb3 Rb8 14. cxb5 axb5 15. Bb2 Qb6
16. Qd1 Ne8 17. Bh3 Ndf6 18. Bxc8 Rxc8 19. Qe2 Nc7 20. bxc5 Qxc5 21. Rfc1 Qb6
22. Rc2 Nd7 23. Nb3 Na6 24. Na2 Nac5 25. Nxc5 Nxc5 26. Nb4 h5 27. Rf1 Kh7 28.
Nc6 Rce8 29. Bc1 f5 30. exf5 Rxf5 31. Be3 e4 32. Nb4 Ra8 33. Bc1 Raf8 34. Bb2
Bxb2 35. Rxb2 Rf3 36. Kg2 Qb7 37. Ra2 h4 38. Nc6 e3 39. Qd1 Ne4 40. Nd4 Nc3 41.
Qe1 Qxd5 42. Nxf3 Qxf3+ 43. Kg1 e2 44. Rc2 h3 0-1

[Event "China zt 3.5 2014"]
[Site "Zhongshan CHN"]
[Date "2014.10.30"]
[Round "5.26"]
[White "Liu, Zhaoqi"]
[Black "Nie, Xinyang"]
[Result "0-1"]
[WhiteElo "2073"]
[BlackElo "1911"]
[WhiteFideId "8609381"]
[BlackFideId "8607222"]
[EventDate "2014.10.26"]

1. d4 Nf6 2. c4 e6 3. Nc3 d5 4. cxd5 exd5 5. Bg5 c6 6. Qc2 Be7 7. e3 O-O 8. Bd3
h6 9. Bh4 Re8 10. Nge2 Nbd7 11. O-O Ne4 12. Bg3 Nd6 13. f3 Nb6 14. b3 Be6 15. e4
Qd7 16. a4 a5 17. Bf2 Rec8 18. Ng3 Ne8 19. Rad1 Bb4 20. Na2 Qe7 21. e5 c5 22.
Nxb4 axb4 23. dxc5 Nd7 24. Nf5 Qf8 25. Nd6 Nxd6 26. exd6 Nxc5 27. Bxc5 b6 28. d7
Rxc5 29. Qd2 Rc3 30. Bb5 Rd8 31. Rfe1 Kh7 32. f4 Qc5+ 33. Qd4 g6 34. Qxc5 bxc5
35. Rxe6 fxe6 36. Re1 c4 37. Rxe6 Kg7 38. f5 cxb3 39. Re8 Rxd7 40. Bxd7 b2 41.
Re7+ Kf6 42. Re6+ Kg5 43. h4+ Kxh4 44. Re1 Rc1 45. Kf2 Rxe1 46. Kxe1 b1=Q+ 0-1

[Event "China zt 3.5 2014"]
[Site "Zhongshan CHN"]
[Date "2014.10.30"]
[Round "5.27"]
[White "Yang, Yanqing"]
[Black "Luanchen, Yuantai"]
[Result "1-0"]
[WhiteElo "1992"]
[BlackElo "1510"]
[WhiteFideId "8613575"]
[BlackFideId "8614644"]
[EventDate "2014.10.26"]

1. e4 c5 2. Nf3 d6 3. d4 cxd4 4. Nxd4 Nf6 5. Nc3 g6 6. f3 Bg7 7. Be3 O-O 8. Qd2
Nc6 9. Bc4 Bd7 10. O-O-O Rc8 11. Bb3 Na5 12. h4 h5 13. g4 hxg4 14. h5 Nxh5 15.
Bh6 Nxb3+ 16. axb3 Kh7 17. Bxg7 Kxg7 18. Rxh5 Rh8 19. Rhh1 Qa5 1-0

[Event "China zt 3.5 2014"]
[Site "Zhongshan CHN"]
[Date "2014.10.31"]
[Round "6.2"]
[White "Bu, Xiangzhi"]
[Black "Gao, Rui"]
[Result "1/2-1/2"]
[WhiteTitle "GM"]
[BlackTitle "GM"]
[WhiteElo "2710"]
[BlackElo "2523"]
[WhiteFideId "8601445"]
[BlackFideId "8602387"]
[EventDate "2014.10.26"]

1. c4 Nf6 2. Nc3 e5 3. Nf3 Nc6 4. g3 g6 5. Bg2 Bg7 6. O-O O-O 7. d4 exd4 8. Nxd4
Re8 9. Nxc6 dxc6 10. Qb3 Qe7 11. Bf4 a5 12. Rad1 Nh5 13. Be3 Qb4 14. Bd4 Be6 15.
Bxg7 Kxg7 16. Rd4 c5 17. Rd2 Bxc4 18. Qc2 Rad8 19. Rxd8 Rxd8 20. a3 Qb3 21. Qxb3
Bxb3 22. Bxb7 Nf6 23. Bf3 Rd2 24. Rb1 Bc2 25. Rc1 Bb3 26. Rb1 Bc2 27. Rc1 Bb3
28. Rb1 1/2-1/2

[Event "China zt 3.5 2014"]
[Site "Zhongshan CHN"]
[Date "2014.10.31"]
[Round "6.3"]
[White "Wang, Yiye"]
[Black "Xiu, Deshun"]
[Result "1/2-1/2"]
[WhiteTitle "IM"]
[BlackTitle "GM"]
[WhiteElo "2422"]
[BlackElo "2553"]
[WhiteFideId "8606021"]
[BlackFideId "8603693"]
[EventDate "2014.10.26"]

1. e4 e5 2. Nf3 Nc6 3. Bc4 Bc5 4. c3 Nf6 5. d4 exd4 6. cxd4 Bb4+ 7. Bd2 Bxd2+ 8.
Nbxd2 d5 9. exd5 Nxd5 10. O-O O-O 11. Rc1 Nb6 12. Bb3 a5 13. Nc4 Bg4 14. Nxb6
cxb6 15. Rc3 Bxf3 16. Rxf3 Qxd4 17. Qxd4 Nxd4 18. Rd3 Ne2+ 19. Kh1 Rfd8 20. Rfd1
Rxd3 21. Rxd3 Nc1 22. Rd7 Nxb3 23. axb3 Rc8 24. h3 g6 25. Rxb7 Rc2 26. f3 Rxb2
27. Rxb6 a4 28. Rb8+ Kg7 29. b4 a3 30. Ra8 a2 31. Kh2 a1=N 1/2-1/2

[Event "China zt 3.5 2014"]
[Site "Zhongshan CHN"]
[Date "2014.10.31"]
[Round "6.4"]
[White "Zhou, Jianchao"]
[Black "Yuan, Qingyu"]
[Result "1-0"]
[WhiteTitle "GM"]
[WhiteElo "2580"]
[BlackElo "2358"]
[WhiteFideId "8603537"]
[BlackFideId "8609772"]
[EventDate "2014.10.26"]

1. d4 Nf6 2. c4 g6 3. Nc3 Bg7 4. e4 d6 5. Nf3 O-O 6. Be2 e5 7. Be3 Ng4 8. Bg5 f6
9. Bh4 g5 10. Bg3 Nh6 11. h3 Nc6 12. dxe5 fxe5 13. c5 Be6 14. cxd6 cxd6 15. Rc1
Nf7 16. O-O Ne7 17. Nb5 Nc6 18. b3 Rc8 19. Bc4 Bxc4 20. bxc4 a6 21. Nc3 Na5 22.
Nd2 Nxc4 23. Nd5 Nb6 24. Rxc8 Nxc8 25. Qb3 Ne7 26. Qxb7 Nxd5 27. Qxd5 Qc7 28.
Nc4 Rc8 29. Ne3 Qc6 30. Qd3 Bf6 31. Rb1 Bd8 32. Kh2 Kf8 33. Rb3 Bb6 34. Nd5 Bd4
35. Qf3 Qd7 36. Qh5 Qe6 37. Qxh7 Rc5 38. Rb8+ Rc8 39. Rb7 Rc5 40. Re7 Qxe7 41.
Nxe7 Kxe7 42. Qf5 Rc2 43. h4 1-0

[Event "China zt 3.5 2014"]
[Site "Zhongshan CHN"]
[Date "2014.10.31"]
[Round "6.5"]
[White "Fang, Yan"]
[Black "Chu, Wei Chao"]
[Result "0-1"]
[BlackTitle "IM"]
[WhiteElo "2267"]
[BlackElo "2369"]
[WhiteFideId "8604746"]
[BlackFideId "8605661"]
[EventDate "2014.10.26"]

1. e4 c5 2. Nf3 d6 3. d4 cxd4 4. Nxd4 Nf6 5. Nc3 a6 6. Be3 e5 7. Nf3 Be7 8. Bc4
O-O 9. O-O Be6 10. Bxe6 fxe6 11. Na4 Ng4 12. Qd3 Nxe3 13. Qxe3 b5 14. Nb6 Ra7
15. Nd5 Rb7 16. Qd3 Nd7 17. b4 Nb6 18. Nxb6 Qxb6 19. Qb3 Kf7 20. Rad1 Rc7 21.
Nd2 Bf6 22. Qh3 h6 23. c3 Rfc8 24. Nb1 Rc4 25. Rfe1 Qc6 26. Qd3 Rd8 27. Rc1 d5
28. exd5 exd5 29. Qf3 e4 30. Qh5+ Kg8 31. Rcd1 Rd6 32. h3 Bxc3 33. Nxc3 Rxc3 34.
Qe5 Rc4 35. a3 Rd8 36. Rd4 Rxd4 37. Qxd4 Qf6 38. Qc5 Kh8 39. Qc2 Qd4 40. Rd1 Qc4
41. Qb1 Qc3 42. Qa2 d4 43. Qf7 d3 0-1

[Event "China zt 3.5 2014"]
[Site "Zhongshan CHN"]
[Date "2014.10.31"]
[Round "6.6"]
[White "Wang, Chen"]
[Black "Zhao, Yuanhe"]
[Result "1/2-1/2"]
[WhiteTitle "IM"]
[WhiteElo "2508"]
[BlackElo "2091"]
[WhiteFideId "8601020"]
[BlackFideId "8609497"]
[EventDate "2014.10.26"]

1. e4 c5 2. Nc3 e6 3. g3 Nc6 4. Bg2 g6 5. f4 d6 6. Nf3 Bg7 7. O-O Nge7 8. h3 O-O
9. Kh2 Rb8 10. Ne2 b5 11. d3 b4 12. g4 f5 13. Ng3 Qc7 14. Qe1 Bd7 15. Rf2 Rbe8
16. Re2 e5 17. gxf5 exf4 18. Bxf4 Bxb2 19. Bh6 Bc3 20. Qg1 Nd4 21. Bxf8 Rxf8 22.
Rf2 Bxa1 23. Qxa1 Nec6 24. Qc1 Nxf3+ 25. Rxf3 Ne5 26. Rf1 Qd8 27. Qe3 Qh4 28.
Kh1 g5 29. Ne2 Rf6 30. c3 bxc3 31. Nxc3 g4 32. Nd5 Rh6 33. Nf4 Kf7 34. Rb1 gxh3
35. Nxh3 Ng4 36. Qf3 Ne5 37. Qe3 1/2-1/2

[Event "China zt 3.5 2014"]
[Site "Zhongshan CHN"]
[Date "2014.10.31"]
[Round "6.7"]
[White "Bai, Jinshi"]
[Black "Ju, Wenjun"]
[Result "1/2-1/2"]
[WhiteTitle "IM"]
[BlackTitle "WGM"]
[WhiteElo "2406"]
[BlackElo "2582"]
[WhiteFideId "8602280"]
[BlackFideId "8603006"]
[EventDate "2014.10.26"]

1. d4 Nf6 2. c4 e6 3. g3 Bb4+ 4. Bd2 Be7 5. Bg2 d5 6. Nf3 O-O 7. O-O c6 8. Qb3
Nbd7 9. Rc1 Nb6 10. Ba5 dxc4 11. Qd1 Qd5 12. Bc3 Qh5 13. Nbd2 c5 14. dxc5 Bxc5
15. Bxf6 gxf6 16. Nxc4 Nxc4 17. Rxc4 Bb6 18. Qd6 Kg7 19. a4 Rd8 20. Qb4 Ba5 21.
Rg4+ Kh8 22. Qf4 Qf5 23. Qxf5 exf5 24. Rd4 Be6 25. e3 Bb6 26. Rxd8+ Rxd8 27. b4
a5 28. bxa5 Bxa5 29. Rc1 Rc8 30. Rxc8+ Bxc8 31. Nd4 b6 32. Bf1 Kg7 33. Bd3 Bd7
34. Bb5 Be6 35. Kf1 h6 36. Ke2 Kf8 37. Kd3 Be1 38. Nf3 Ba5 39. h4 Ke7 40. Nd4
Be1 41. Ke2 Bc3 42. Ba6 Bd7 43. Bb5 Be6 44. Bd3 Bd7 45. Bc2 Kd6 46. Nxf5+ Bxf5
47. Bxf5 Ke7 48. f3 Kf8 49. g4 Bb4 50. Kd3 Be1 51. h5 Kg7 52. Ke4 Kf8 53. Bd7
Kg7 54. Kd5 Bf2 55. e4 Be3 56. Kd6 Kf8 57. Bb5 Bf4+ 58. Kc6 Be3 59. Bc4 Kg7 60.
f4 Kf8 61. Bb3 Kg7 62. e5 fxe5 63. fxe5 Bd4 64. Kd6 Bc5+ 65. Kc6 Bd4 66. Kd5 Be3
67. Ke4 Bd2 68. Kf5 Be3 69. Ke4 Bd2 70. Kf5 Be3 71. Ke4 1/2-1/2

[Event "China zt 3.5 2014"]
[Site "Zhongshan CHN"]
[Date "2014.10.31"]
[Round "6.8"]
[White "Wan, Yunguo"]
[Black "Wang, Jue"]
[Result "1/2-1/2"]
[WhiteTitle "IM"]
[BlackTitle "WGM"]
[WhiteElo "2489"]
[BlackElo "2353"]
[WhiteFideId "8603189"]
[BlackFideId "8604070"]
[EventDate "2014.10.26"]

1. e4 c5 2. Nc3 a6 3. Nge2 d6 4. g3 g6 5. Bg2 Bg7 6. d4 cxd4 7. Nxd4 Nf6 8. O-O
O-O 9. a4 Nc6 10. Nde2 Rb8 11. h3 b5 12. axb5 axb5 13. Re1 b4 14. Nd5 Nd7 15.
Ra2 Nc5 16. b3 e6 17. Ne3 Ba6 18. Bb2 Bxb2 19. Rxb2 Qf6 20. Ra2 Rfd8 21. Qd2
Bxe2 22. Qxe2 Nd4 23. Qd1 h5 24. h4 Nb5 25. Qa1 Qxa1 26. Raxa1 Ra8 27. Nc4 Rxa1
28. Rxa1 Nd4 29. Ne3 Ne2+ 30. Kf1 Nc3 31. Ra7 Rc8 32. f3 d5 33. exd5 exd5 34. f4
Rd8 35. Rc7 d4 36. Nc4 N5e4 37. Bxe4 Nxe4 38. Ne5 Nxg3+ 39. Kg2 Nf5 40. Nxf7 Re8
41. Ne5 Nxh4+ 42. Kh3 Nf5 43. Nxg6 Re3+ 44. Kh2 Rc3 45. Ne7+ Nxe7 46. Rxe7 Rxc2+
47. Kh3 Rc3+ 48. Kh4 Rf3 49. Re4 d3 50. Rd4 Kf7 51. Kxh5 d2 52. Kg5 Rxb3 1/2-1/2

[Event "China zt 3.5 2014"]
[Site "Zhongshan CHN"]
[Date "2014.10.31"]
[Round "6.9"]
[White "Xiang, Zeyu"]
[Black "Lin, Chen"]
[Result "1/2-1/2"]
[BlackTitle "IM"]
[WhiteElo "2107"]
[BlackElo "2463"]
[WhiteFideId "8608547"]
[BlackFideId "8602298"]
[EventDate "2014.10.26"]

1. d4 Nf6 2. c4 g6 3. Nc3 Bg7 4. e4 d6 5. Nf3 O-O 6. Be2 e5 7. dxe5 dxe5 8. Qxd8
Rxd8 9. Bg5 Re8 10. Nd5 Nxd5 11. cxd5 c6 12. O-O cxd5 13. exd5 Nd7 14. Rfd1 Nb6
15. Bb5 Bd7 16. Bxd7 Nxd7 17. Rac1 Rac8 18. d6 Rc6 19. Rxc6 bxc6 20. Nd2 f5 21.
Nc4 Kf7 22. Rd3 Ke6 23. Ra3 Bf8 24. Rxa7 Bxd6 25. Nxd6 Kxd6 26. Bd2 Rb8 27. b3
f4 28. f3 g5 29. Kf2 h5 30. g3 Rb5 31. Ra5 Rb8 32. h4 fxg3+ 33. Kxg3 gxh4+ 34.
Kxh4 Rf8 35. Kg3 h4+ 36. Kg2 Rg8+ 37. Kh3 Rf8 38. Kg4 Rh8 39. Kh3 Rf8 40. Kg4
Rh8 1/2-1/2

[Event "China zt 3.5 2014"]
[Site "Zhongshan CHN"]
[Date "2014.10.31"]
[Round "6.10"]
[White "Dai, Changren"]
[Black "Lei, Tingjie"]
[Result "1-0"]
[BlackTitle "WGM"]
[WhiteElo "2283"]
[BlackElo "2421"]
[WhiteFideId "8608156"]
[BlackFideId "8605114"]
[EventDate "2014.10.26"]

1. e4 c5 2. Nf3 e6 3. d4 cxd4 4. Nxd4 Nc6 5. Nc3 Qc7 6. Be3 a6 7. Qd2 Nf6 8. f3
Be7 9. O-O-O b5 10. Kb1 Ne5 11. g4 b4 12. Na4 h6 13. Bf4 Bb7 14. Rg1 g5 15. Bg3
Qa5 16. Nb3 Qxa4 17. Bxe5 d6 18. Bd4 e5 19. Be3 Rc8 20. h4 Rg8 21. hxg5 hxg5 22.
Bd3 Bd8 23. Bxg5 Nxe4 24. Bxe4 Bxe4 25. fxe4 Rxg5 26. Qxd6 Qc6 27. Qxb4 Qxc2+
28. Ka1 Be7 29. Qe1 Rc4 30. Rh1 Ra4 31. Qe3 Kf8 32. Qb6 f6 33. Qe6 1-0